[Event "Los Gatos Fremont-South Bay"]
[Site "Los Gatos"]
[Date "2005.04.03"]
[Round "2"]
[White "Su, Irene"]
[Black "Richardson, Ian"]
[Result "1-0"]
[WhiteElo "659"]
[BlackElo "698"]
[PlyCount "57"]
[EventDate "2005.04.03"]
[EventType "match"]
[EventRounds "2"]
[EventCountry "USA"]
[SourceTitle "EXT 2009"]
[Source "ChessBase"]
[SourceDate "2008.11.26"]
[SourceVersion "1"]
[SourceVersionDate "2008.11.26"]
[SourceQuality "1"]

1. e4 e5 2. Nf3 f6 3. Bc4 Nh6 4. 0-0 Bc5 5. c3 Ng4 6. d4 Bb6 7. h3 exd4 8. Nxd4 c5 9. Qxg4 cxd4 10. Bf4 d5 11. Qxg7 dxc4 12. Qxh8+ Kd7 13. Qxd8+ Kxd8 14. Rd1 Nd7 15. cxd4 Bc7 16. Bxc7+ Kxc7 17. Nc3 Nb6 18. Nb5+ Kc6 19. Nc3 Be6 20. d5+ Kd6 21. dxe6+ Kxe6 22. Nb5 Ke5 23. f3 a6 24. Nc7 Rc8 25. Nd5 Na4 26. b3 Nb2 27. Rd2 Nd3 28. bxc4 Rxc4 29. Rxd3 1-0